| 000 | 00638nam a2200241Ia 4500 | ||
|---|---|---|---|
| 003 | OSt | ||
| 005 | 20260218162115.0 | ||
| 008 | 210719s2015 xx 000 0 und d | ||
| 020 | _a9781610396158 | ||
| 040 | _cAL | ||
| 041 | _aeng | ||
| 082 | _a330 DAVE | ||
| 100 |
_aRichard Davies Ed _9255658 |
||
| 245 | _aEconomics making sense of the modern economy Ed 4 | ||
| 250 | _a4 | ||
| 260 |
_aUSA _bProfile Books _c2015 |
||
| 300 |
_aviii,290p _bPB |
||
| 365 |
_b1458.43 _cUSD |
||
| 650 |
_aEconomics _9255659 |
||
| 650 |
_aEconomics _9255659 |
||
| 906 | _a4 ; Economics ; economy ; Ed ; making ; modern ; sense | ||
| 942 |
_2ddc _cBK |
||
| 999 |
_c211878 _d211878 |
||